000 00362 a2200169 4500
001 157461
020 _a85-7302-384-8
040 _cEscola São Tomás de Aquino
100 _aKING, Stephen
240 1 0 _aCarrie
_lpor
245 1 0 _aCarrie
300 _a162
362 0 _a2001
440 1 _aObjetiva
697 _aRomance / Ficção americana
942 _cBK
999 _c157461
_d157461